La mujer del pirata : (Record no. 110566)

MARC details
000 -LEADER
campo de control de longitud fija 01005nam a2200241 i 4500
001 - NÚMERO DE CONTROL
campo de control 110566
003 - IDENTIFICADOR DE NÚMERO DE CONTROL
campo de control ES-MaACL
005 - FECHA Y HORA DE LA ÚLTIMA TRANSACCIÓN
campo de control 20251221063014.0
007 - CAMPO FIJO DE DESCRIPCIÓN FÍSICA--INFORMACIÓN GENERAL
campo de control de longitud fija t|
008 - DATOS DE LONGITUD FIJA--INFORMACIÓN GENERAL
campo de control de longitud fija 070201q1900 sp ||||1| spa d
080 ## - NÚMERO DE LA CLASIFICACIÓN DECIMAL UNIVERSAL
Número de la Clasificación Decimal Universal 821.131.1-31"18"
100 1# - ENTRADA PRINCIPAL--NOMBRE DE PERSONA
Nombre de persona Salgari, Emilio,
Fechas asociadas al nombre 1862-1911
9 (RLIN) 242636
245 13 - MENCIÓN DEL TÍTULO
Título La mujer del pirata :
Resto del título segunda parte de Sandokan : (los tigres de Mompracem) : novela de aventuras /
Mención de responsabilidad, etc. Emilio Salgari ; traducida al castellano por R. Balsa de la Vega ; ilustraciones de C. Linzaghi y M. Picolo.
260 ## - PUBLICACIÓN, DISTRIBUCIÓN, ETC.
Lugar de publicación, distribución, etc. Madrid :
Nombre del editor, distribuidor, etc. Saturnino Calleja Fernández,
Fecha de publicación, distribución, etc. [ca. 1900]
300 ## - DESCRIPCIÓN FÍSICA
Extensión 323 p. :
Otras características físicas il. ;
Dimensiones 17 cm.
490 1# - MENCIÓN DE SERIE
Mención de serie Biblioteca Calleja. Obras literarias de autores célebres ;
Designación de volumen o secuencia 21
700 1# - ENTRADA AGREGADA--NOMBRE PERSONAL
Nombre de persona Balsa de la Vega, Rafael.
9 (RLIN) 25104
700 1# - ENTRADA AGREGADA--NOMBRE PERSONAL
Nombre de persona Linzachi, Carlo.
9 (RLIN) 72471
700 1# - ENTRADA AGREGADA--NOMBRE PERSONAL
Nombre de persona Picolo, Manuel,
Fechas asociadas al nombre 1851-1913
9 (RLIN) 91873
830 1# - PUNTO DE ACCESO ADICIONAL DE SERIE-TÍTULO UNIFORME
Título uniforme Biblioteca Calleja. Obras literarias de autores célebres ;
Designación de volumen o secuencia 21
9 (RLIN) 188462
852 4# - LOCALIZACIÓN
Ubicación ES-MaACL
Número de control de estantería D-3524
Holdings
Estatus retirado Estado de pérdida Estado de daño No para préstamo Colección Biblioteca de origen Biblioteca actual Ubicación en estantería Fecha de adquisición Fuente de adquisición Total de préstamos Signatura topográfica completa Código de barras Visto por última vez Precio de reemplazo Tipo de ítem Koha
        Libros del s. XIX Biblioteca del Ateneo de Madrid Biblioteca del Ateneo de Madrid Sala Valle Inclán 17/01/2008     D-3524 901115360 23/02/2023 23/02/2023 Libro impreso antiguo